000
00306nam a22001337a 4500
008
170627b xxu||||| |||| 00| 0 eng d
020
_a
9780658008733
041
_a
eng
080
_a
05
100
_a
21
101
_a
GJL
245
_a
A NEW REFERENCE GRAMMAR OF MODERN
_c
BUTT.J
942
_2
udc
_c
BK
999
_c
19278
_d
19278